[Event "Rohde op 03rd"]
[Site "Sautron"]
[Date "2003.10.30"]
[Round "6"]
[White "Dobrev, Nanko"]
[Black "Miraoui, Karim"]
[Result "1-0"]
[WhiteElo "2389"]
[BlackElo "2081"]
[PlyCount "125"]
[EventDate "2003.10.25"]
[EventType "swiss"]
[EventRounds "9"]
[EventCountry "FRA"]
[SourceTitle "EXT 2004"]
[Source "ChessBase"]
[SourceDate "2003.11.25"]
[SourceVersion "1"]
[SourceVersionDate "2003.11.25"]
[SourceQuality "1"]

1. d4 d5 2. c4 c6 3. Nf3 Nf6 4. Nc3 dxc4 5. a4 Bf5 6. Ne5 e6 7. f3 Bb4 8. Bg5 h6 9. Bh4 c5 10. dxc5 Qa5 11. Qd4 Nc6 12. Nxc6 bxc6 13. e4 Bxc5 14. Qxc4 Bh7 15. Bg3 a6 16. Rd1 Qb6 17. a5 Qb4 18. Rd4 Qxc4 19. Rxc4 Nd7 20. Na4 Be7 21. Nb6 Ra7 22. Rxc6 Bb4+ 23. Kd1 0-0 24. Be1 Ne5 25. Rc2 Rd8+ 26. Ke2 Bxe1 27. Kxe1 f5 28. exf5 Bxf5 29. Rd2 Rxd2 30. Kxd2 Rc7 31. Bxa6 Rc2+ 32. Ke3 Rxb2 33. Ra1 Nc6 34. Nd7 Rxg2 35. Be2 Nxa5 36. Rxa5 Rxh2 37. Ne5 Kh7 38. Ra7 Rh4 39. Bc4 Rh2 40. Re7 Rg2 41. Bxe6 Bxe6 42. Rxe6 Ra2 43. Ng6 Ra7 44. f4 Ra3+ 45. Ke4 Ra4+ 46. Kf5 Ra5+ 47. Kg4 Ra4 48. Rb6 Rc4 49. Ne5 Ra4 50. Rb7 Rd4 51. Nf3 Rd1 52. Nh4 Ra1 53. f5 Rg1+ 54. Kf4 Rf1+ 55. Ke5 Re1+ 56. Kd6 Rf1 57. Ke6 Re1+ 58. Kf7 Rf1 59. Rb5 g5 60. Ng6 g4 61. Nf8+ Kh8 62. Kg6 g3 63. Ne6 1-0

[Event "FRA-chT3 Gr5 0203"]
[Site "France"]
[Date "2002.11.16"]
[Round "2"]
[White "Miraoui, Karim"]
[Black "Capitaine, Adrien"]
[Result "1-0"]
[WhiteElo "2076"]
[BlackElo "2162"]
[PlyCount "41"]
[EventDate "2002.12.09"]
[EventType "team-tourn"]
[EventRounds "9"]
[EventCountry "FRA"]
[SourceTitle "EXT 2004"]
[Source "ChessBase"]
[SourceDate "2003.11.25"]
[SourceVersion "1"]
[SourceVersionDate "2003.11.25"]
[SourceQuality "1"]

1. b3 f5 2. Bb2 Nf6 3. e3 e6 4. Nf3 Be7 5. Be2 d6 6. d4 0-0 7. 0-0 Qe8 8. c4 Nbd7 9. Nc3 c6 10. Qc2 Nh5 11. Rfe1 e5 12. dxe5 dxe5 13. e4 f4 14. Na4 Bd8 15. c5 Kh8 16. Bc3 Bc7 17. b4 Qg6 18. Nb2 Ndf6 19. Bxe5 Bh3 20. Bf1 Rac8 21. Nc4 1-0

[Event "Rohde op 02nd"]
[Site "Sautron"]
[Date "2002.10.26"]
[Round "1"]
[White "Grigore, Nicolae Petre"]
[Black "Miraoui, Karim"]
[Result "1-0"]
[WhiteElo "2397"]
[BlackElo "2076"]
[PlyCount "63"]
[EventDate "2002.10.26"]
[EventType "swiss"]
[EventRounds "9"]
[EventCountry "FRA"]
[SourceTitle "EXT 2003"]
[Source "ChessBase"]
[SourceDate "2002.11.25"]
[SourceVersion "1"]
[SourceVersionDate "2002.11.25"]
[SourceQuality "1"]

1. e4 c5 2. Nf3 d6 3. c3 Nf6 4. Be2 Nbd7 5. d3 g6 6. 0-0 Bg7 7. Nbd2 0-0 8. d4 Qc7 9. Bd3 a6 10. Re1 e5 11. a4 b6 12. Rb1 Bb7 13. d5 h6 14. b4 Rab8 15. Qe2 a5 16. bxa5 bxa5 17. Bb5 Nb6 18. Nb3 Ra8 19. Bd2 Rfb8 20. c4 Nc8 21. Bc3 Ra7 22. Qd2 Rba8 23. h3 Nh5 24. g3 Qd8 25. Nh4 Ne7 26. Ng2 Bc8 27. g4 Nf6 28. f4 exf4 29. e5 Nxg4 30. hxg4 Bxg4 31. exd6 Nf5 32. Re8+ 1-0

[Event "Rohde op 02nd"]
[Site "Sautron"]
[Date "2002.10.02"]
[Round "8"]
[White "Miraoui, Karim"]
[Black "Peric, Slavisa"]
[Result "1/2-1/2"]
[WhiteElo "2076"]
[BlackElo "2282"]
[PlyCount "46"]
[EventDate "2002.10.26"]
[EventType "swiss"]
[EventRounds "9"]
[EventCountry "FRA"]
[SourceTitle "EXT 2003"]
[Source "ChessBase"]
[SourceDate "2002.11.25"]
[SourceVersion "1"]
[SourceVersionDate "2002.11.25"]
[SourceQuality "1"]

1. d4 d5 2. c4 Nc6 3. e3 e5 4. dxe5 d4 5. a3 Nge7 6. Nf3 Bg4 7. Be2 dxe3 8. Qxd8+ Rxd8 9. Bxe3 Ng6 10. Nc3 a6 11. 0-0 h6 12. Rad1 Rxd1 13. Rxd1 Be7 14. Nd5 Bd8 15. h3 Bxf3 16. gxf3 Ncxe5 17. f4 Nd7 18. Bg4 c6 19. Nc7+ Bxc7 20. Rxd7 Bxf4 21. Bxf4 Nxf4 22. Rxb7 0-0 23. Kh2 c5 1/2-1/2